000 00719nam a22001937a 4500
999 _c371672
_d371672
008 201127b ||||| |||| 00| 0 eng d
040 _aDE-2950
_bger
_cDE-2950
_erda
041 _ager
245 _aDrastischer Preisanstieg.
_bEnergiekosten: Sowohl für Strom als auch für Gas müssen Kunden der Stadtwerke ab dem 1. August erheblich mehr bezahlen /
_cThomas Gutke
264 _c2022
653 _aFrankfurt (Oder)
653 _aStadtwerke
653 _aPreiserhöhung
773 _dFrankfurt (Oder) Märkisches Verlags- und Druckhaus GmbH & Co KG
_tMärkische Oderzeitung
_g33. Jahrgang (2022) Nr. 128 vom 03.06.2022, S. 13
942 _cA